000 00551nam a2200181Ia 4500
003 GCL
008 140319s9999 xx 000 0 ara d
040 _aGCL /
_cGCL
082 0 4 _a604.2
_bا ر
100 1 _aاسلام عبدالغفار الدلاش
245 1 0 _aالرسم الهندسى الالكترونى /
_cاسلام عبدالغفار الدلاش
300 _a452 ص
490 _a
650 0 4 _aالهندسة الالكترونية
650 0 4 _aالرسم الهندسى
650 0 4 _aالالكترونيات
942 _2ddc
_cBK
999 _c37778
_d37778